States Visited in Jet Lag: The Game - Statistics

General Stats
  • This quiz has been taken 102 times
    31 since last reset
  • The average score is 157 of 306
Answer Stats
Question Tile Select % Correct
Alabama 13.5: Hide and Seek Across NYC No
97%
Alabama 1: Connect Four Across America No
93%
Alaska 13.5: Hide and Seek Across NYC No
90%
Alabama 2: Race to Circumnavigate the World No
90%
Alaska 2: Race to Circumnavigate the World No
90%
Alabama 4: Race to the Most States No
90%
Alaska None No
90%
Alaska 1: Connect Four Across America No
86%
Alaska 8: Arctic Escape Yes
86%
Alaska 4: Race to the Most States Yes
83%
Arizona 13.5: Hide and Seek Across NYC No
79%
Arizona 2: Race to Circumnavigate the World No
79%
Arizona 8: Arctic Escape No
76%
Arizona None No
76%
Arizona 4: Race to the Most States Yes
72%
California 13.5: Hide and Seek Across NYC No
69%
Arizona 1: Connect Four Across America Yes
69%
California 4: Race to the Most States Yes
69%
California None No
69%
Arkansas 13.5: Hide and Seek Across NYC No
66%
Colorado 13.5: Hide and Seek Across NYC No
66%
Connecticut 13.5: Hide and Seek Across NYC No
66%
Arkansas 1: Connect Four Across America No
66%
Connecticut 1: Connect Four Across America No
66%
Arkansas 2: Race to Circumnavigate the World No
66%
Connecticut 2: Race to Circumnavigate the World No
66%
Connecticut 8: Arctic Escape No
66%
Colorado None No
66%
Delaware 13.5: Hide and Seek Across NYC No
62%
Florida 13.5: Hide and Seek Across NYC No
62%
Hawaii 13.5: Hide and Seek Across NYC No
62%
Idaho 13.5: Hide and Seek Across NYC No
62%
Illinois 13.5: Hide and Seek Across NYC No
62%
Indiana 13.5: Hide and Seek Across NYC No
62%
California 1: Connect Four Across America Yes
62%
Colorado 1: Connect Four Across America Yes
62%
Delaware 1: Connect Four Across America No
62%
Florida 1: Connect Four Across America No
62%
Hawaii 1: Connect Four Across America No
62%
Delaware 2: Race to Circumnavigate the World No
62%
Florida 2: Race to Circumnavigate the World No
62%
Hawaii 2: Race to Circumnavigate the World No
62%
Idaho 2: Race to Circumnavigate the World No
62%
Indiana 2: Race to Circumnavigate the World No
62%
Arkansas 4: Race to the Most States No
62%
Hawaii 4: Race to the Most States No
62%
Illinois 4: Race to the Most States Yes
62%
Arkansas 8: Arctic Escape No
62%
Delaware 8: Arctic Escape No
62%
Florida 8: Arctic Escape Yes
62%
Hawaii 8: Arctic Escape No
62%
Florida None No
62%
Hawaii None Yes
62%
Illinois None No
62%
Georgia 13.5: Hide and Seek Across NYC No
59%
Kansas 13.5: Hide and Seek Across NYC No
59%
Kentucky 13.5: Hide and Seek Across NYC No
59%
Maine 13.5: Hide and Seek Across NYC No
59%
Maryland 13.5: Hide and Seek Across NYC No
59%
Massachusetts 13.5: Hide and Seek Across NYC No
59%
Michigan 13.5: Hide and Seek Across NYC No
59%
Minnesota 13.5: Hide and Seek Across NYC No
59%
Mississippi 13.5: Hide and Seek Across NYC No
59%
Missouri 13.5: Hide and Seek Across NYC No
59%
Montana 13.5: Hide and Seek Across NYC No
59%
Nebraska 13.5: Hide and Seek Across NYC No
59%
Nevada 13.5: Hide and Seek Across NYC No
59%
New Hampshire 13.5: Hide and Seek Across NYC No
59%
Georgia 1: Connect Four Across America No
59%
Indiana 1: Connect Four Across America No
59%
Kansas 1: Connect Four Across America No
59%
Kentucky 1: Connect Four Across America No
59%
Maine 1: Connect Four Across America No
59%
Maryland 1: Connect Four Across America No
59%
Massachusetts 1: Connect Four Across America No
59%
Michigan 1: Connect Four Across America No
59%
Minnesota 1: Connect Four Across America No
59%
Mississippi 1: Connect Four Across America No
59%
Missouri 1: Connect Four Across America No
59%
Nevada 1: Connect Four Across America Yes
59%
New Hampshire 1: Connect Four Across America No
59%
Colorado 2: Race to Circumnavigate the World Yes
59%
Georgia 2: Race to Circumnavigate the World No
59%
Illinois 2: Race to Circumnavigate the World No
59%
Kansas 2: Race to Circumnavigate the World No
59%
Kentucky 2: Race to Circumnavigate the World No
59%
Maine 2: Race to Circumnavigate the World No
59%
Maryland 2: Race to Circumnavigate the World No
59%
Massachusetts 2: Race to Circumnavigate the World No
59%
Michigan 2: Race to Circumnavigate the World No
59%
Minnesota 2: Race to Circumnavigate the World No
59%
Mississippi 2: Race to Circumnavigate the World No
59%
Missouri 2: Race to Circumnavigate the World No
59%
Montana 2: Race to Circumnavigate the World No
59%
Nebraska 2: Race to Circumnavigate the World No
59%
New Hampshire 2: Race to Circumnavigate the World No
59%
Colorado 4: Race to the Most States Yes
59%
Connecticut 4: Race to the Most States Yes
59%
Kansas 4: Race to the Most States No
59%
Maryland 4: Race to the Most States Yes
59%
Mississippi 4: Race to the Most States No
59%
Missouri 4: Race to the Most States No
59%
Nevada 4: Race to the Most States Yes
59%
California 8: Arctic Escape No
59%
Maine 8: Arctic Escape No
59%
Maryland 8: Arctic Escape No
59%
Montana 8: Arctic Escape No
59%
Nebraska 8: Arctic Escape No
59%
New Hampshire 8: Arctic Escape No
59%
Arkansas None Yes
59%
Connecticut None No
59%
Indiana None No
59%
Maryland None No
59%
Nevada None No
59%
Iowa 13.5: Hide and Seek Across NYC No
55%
Louisiana 13.5: Hide and Seek Across NYC No
55%
New Jersey 13.5: Hide and Seek Across NYC No
55%
New Mexico 13.5: Hide and Seek Across NYC No
55%
Louisiana 1: Connect Four Across America No
55%
New Jersey 1: Connect Four Across America No
55%
California 2: Race to Circumnavigate the World Yes
55%
Iowa 2: Race to Circumnavigate the World No
55%
Louisiana 2: Race to Circumnavigate the World No
55%
Nevada 2: Race to Circumnavigate the World No
55%
New Jersey 2: Race to Circumnavigate the World No
55%
New Mexico 2: Race to Circumnavigate the World No
55%
Delaware 4: Race to the Most States Yes
55%
Florida 4: Race to the Most States No
55%
Idaho 4: Race to the Most States No
55%
Iowa 4: Race to the Most States No
55%
Louisiana 4: Race to the Most States No
55%
Maine 4: Race to the Most States No
55%
Massachusetts 4: Race to the Most States Yes
55%
Michigan 4: Race to the Most States Yes
55%
Colorado 8: Arctic Escape Yes
55%
Iowa 8: Arctic Escape No
55%
Kansas 8: Arctic Escape No
55%
Kentucky 8: Arctic Escape No
55%
Massachusetts 8: Arctic Escape No
55%
Michigan 8: Arctic Escape No
55%
Mississippi 8: Arctic Escape No
55%
New Jersey 8: Arctic Escape No
55%
New Mexico 8: Arctic Escape No
55%
Delaware None No
55%
Idaho None No
55%
Kansas None Yes
55%
Maine None Yes
55%
Massachusetts None No
55%
Michigan None No
55%
Mississippi None Yes
55%
Montana None No
55%
New York None No
55%
New York 13.5: Hide and Seek Across NYC Yes
52%
Iowa 1: Connect Four Across America No
52%
Nebraska 1: Connect Four Across America No
52%
New York 2: Race to Circumnavigate the World Yes
52%
Georgia 4: Race to the Most States No
52%
Indiana 4: Race to the Most States Yes
52%
Kentucky 4: Race to the Most States No
52%
Minnesota 4: Race to the Most States No
52%
New Jersey 4: Race to the Most States Yes
52%
New York 4: Race to the Most States Yes
52%
Louisiana 8: Arctic Escape No
52%
Minnesota 8: Arctic Escape No
52%
Missouri 8: Arctic Escape No
52%
New York 8: Arctic Escape No
52%
Iowa None Yes
52%
Louisiana None Yes
52%
Missouri None Yes
52%
New Jersey None No
52%
North Carolina 13.5: Hide and Seek Across NYC No
48%
Ohio 13.5: Hide and Seek Across NYC No
48%
Oklahoma 13.5: Hide and Seek Across NYC No
48%
Oregon 13.5: Hide and Seek Across NYC No
48%
Pennsylvania 13.5: Hide and Seek Across NYC No
48%
Rhode Island 13.5: Hide and Seek Across NYC No
48%
South Carolina 13.5: Hide and Seek Across NYC No
48%
South Dakota 13.5: Hide and Seek Across NYC No
48%
Tennessee 13.5: Hide and Seek Across NYC No
48%
Idaho 1: Connect Four Across America Yes
48%
North Carolina 1: Connect Four Across America No
48%
Ohio 1: Connect Four Across America No
48%
Oklahoma 1: Connect Four Across America No
48%
Pennsylvania 1: Connect Four Across America No
48%
Rhode Island 1: Connect Four Across America No
48%
South Carolina 1: Connect Four Across America No
48%
Tennessee 1: Connect Four Across America No
48%
North Carolina 2: Race to Circumnavigate the World No
48%
Ohio 2: Race to Circumnavigate the World No
48%
Oklahoma 2: Race to Circumnavigate the World No
48%
Oregon 2: Race to Circumnavigate the World No
48%
Pennsylvania 2: Race to Circumnavigate the World No
48%
Rhode Island 2: Race to Circumnavigate the World No
48%
South Carolina 2: Race to Circumnavigate the World No
48%
South Dakota 2: Race to Circumnavigate the World No
48%
Tennessee 2: Race to Circumnavigate the World No
48%
Nebraska 4: Race to the Most States No
48%
New Hampshire 4: Race to the Most States No
48%
New Mexico 4: Race to the Most States No
48%
Ohio 4: Race to the Most States No
48%
Oklahoma 4: Race to the Most States No
48%
South Carolina 4: Race to the Most States No
48%
South Dakota 4: Race to the Most States No
48%
Oklahoma 8: Arctic Escape No
48%
Rhode Island 8: Arctic Escape No
48%
South Carolina 8: Arctic Escape No
48%
South Dakota 8: Arctic Escape No
48%
Alabama None No
48%
Kentucky None Yes
48%
Nebraska None Yes
48%
New Hampshire None Yes
48%
Oklahoma None Yes
48%
South Carolina None Yes
48%
North Dakota 13.5: Hide and Seek Across NYC No
45%
Texas 13.5: Hide and Seek Across NYC No
45%
Utah 13.5: Hide and Seek Across NYC No
45%
Vermont 13.5: Hide and Seek Across NYC No
45%
New York 1: Connect Four Across America No
45%
Oregon 1: Connect Four Across America Yes
45%
South Dakota 1: Connect Four Across America No
45%
Vermont 1: Connect Four Across America No
45%
North Dakota 2: Race to Circumnavigate the World No
45%
Texas 2: Race to Circumnavigate the World No
45%
Utah 2: Race to Circumnavigate the World No
45%
Vermont 2: Race to Circumnavigate the World No
45%
North Carolina 4: Race to the Most States No
45%
Oregon 4: Race to the Most States No
45%
Pennsylvania 4: Race to the Most States Yes
45%
Rhode Island 4: Race to the Most States Yes
45%
Texas 4: Race to the Most States Yes
45%
Alabama 8: Arctic Escape Yes
45%
Illinois 8: Arctic Escape Yes
45%
Indiana 8: Arctic Escape No
45%
Nevada 8: Arctic Escape No
45%
North Dakota 8: Arctic Escape No
45%
Oregon 8: Arctic Escape No
45%
Vermont 8: Arctic Escape No
45%
Minnesota None Yes
45%
Oregon None No
45%
South Dakota None Yes
45%
Texas None No
45%
Virginia 13.5: Hide and Seek Across NYC No
41%
North Dakota 1: Connect Four Across America No
41%
Texas 1: Connect Four Across America No
41%
Virginia 1: Connect Four Across America No
41%
Virginia 2: Race to Circumnavigate the World No
41%
North Dakota 4: Race to the Most States No
41%
Tennessee 4: Race to the Most States Yes
41%
Vermont 4: Race to the Most States No
41%
Georgia 8: Arctic Escape Yes
41%
Tennessee 8: Arctic Escape No
41%
Virginia 8: Arctic Escape No
41%
Georgia None No
41%
North Dakota None Yes
41%
Pennsylvania None No
41%
Rhode Island None No
41%
Tennessee None No
41%
Utah None No
41%
Vermont None Yes
41%
Washington 13.5: Hide and Seek Across NYC No
38%
Utah 1: Connect Four Across America Yes
38%
Washington 2: Race to Circumnavigate the World No
38%
Virginia 4: Race to the Most States Yes
38%
North Carolina 8: Arctic Escape No
38%
Ohio 8: Arctic Escape No
38%
Ohio None Yes
38%
Virginia None No
38%
West Virginia 13.5: Hide and Seek Across NYC No
34%
West Virginia 1: Connect Four Across America No
34%
West Virginia 2: Race to Circumnavigate the World No
34%
Utah 4: Race to the Most States No
34%
Pennsylvania 8: Arctic Escape Yes
34%
Texas 8: Arctic Escape Yes
34%
North Carolina None Yes
34%
Washington None No
34%
Wisconsin 13.5: Hide and Seek Across NYC No
31%
New Mexico 1: Connect Four Across America No
31%
Wisconsin 1: Connect Four Across America No
31%
Wisconsin 2: Race to Circumnavigate the World No
31%
West Virginia 4: Race to the Most States No
31%
Washington 8: Arctic Escape Yes
31%
West Virginia 8: Arctic Escape No
31%
Wyoming 13.5: Hide and Seek Across NYC No
28%
Wyoming 2: Race to Circumnavigate the World No
28%
Idaho 8: Arctic Escape Yes
28%
New Mexico None Yes
28%
West Virginia None Yes
28%
Washington DC 13.5: Hide and Seek Across NYC No
24%
Illinois 1: Connect Four Across America Yes
24%
Wyoming 1: Connect Four Across America Yes
24%
Washington DC 2: Race to Circumnavigate the World No
24%
Washington 4: Race to the Most States No
24%
Washington DC 4: Race to the Most States Yes
24%
Wyoming 8: Arctic Escape No
24%
Washington DC 8: Arctic Escape No
24%
Wyoming None No
24%
Washington DC None No
24%
Washington DC 1: Connect Four Across America No
21%
Wisconsin 4: Race to the Most States No
21%
Utah 8: Arctic Escape Yes
21%
Wisconsin None No
21%
Wisconsin 8: Arctic Escape Yes
17%
Montana 4: Race to the Most States Yes
14%
Wyoming 4: Race to the Most States Yes
14%
Washington 1: Connect Four Across America No
10%
Montana 1: Connect Four Across America No
3%
No matching quizzes found
Score Distribution
Percent of People with Each Score
Percentile by Number Answered
Your Score History
You have not taken this quiz since the last reset